书目信息 |
| 题名: |
正午的供词
|
|
| 作者: | 邱华栋 著 | |
| 分册: | ||
| 出版信息: | 北京 中国青年出版社 2000.09 |
|
| 页数: | 470页 | |
| 开本: | 20cm | |
| 丛书名: | ||
| 单 册: | ||
| 中图分类: | I247.5 | |
| 科图分类: | ||
| 主题词: | 长篇小说--中国--当代 | |
| 电子资源: | ||
| ISBN: | 7-5006-3972-4 | |
| 000 | 00691nam0 22002177 450 | |
| 001 | 192004001849 | |
| 005 | 20070911101550.23 | |
| 010 | @a7-5006-3972-4@dCNY22.00 | |
| 100 | @a20070531d2000 ekmy0chiy0121 ea | |
| 101 | 0 | @achi |
| 102 | @aCN@b110000 | |
| 105 | @aa z 000ay | |
| 200 | 1 | @a正午的供词@Azheng wu de gong ci@f邱华栋著 |
| 210 | @a北京@c中国青年出版社@d2000.09 | |
| 215 | @a470页@c图@d20cm | |
| 330 | @a本书是以舒缓的笔调讲充满悬念的都市故事,情节包括:她死了,他也死了、瓶子底儿和大便、80年代初露峥嵘、兴风作浪?还是被捉弄等。 | |
| 606 | 0 | @a长篇小说@y中国@z当代 |
| 690 | @aI247.5@v4 | |
| 701 | 0 | @a邱华栋@Aqiu hua dong@4著 |
| 801 | 0 | @aCN@c20070911 |
| 905 | @dI247.5@eQ7202 | |
| 正午的供词/邱华栋著.-北京:中国青年出版社,2000.09 |
| 470页:图;20cm |
| ISBN 7-5006-3972-4:CNY22.00 |
| 本书是以舒缓的笔调讲充满悬念的都市故事,情节包括:她死了,他也死了、瓶子底儿和大便、80年代初露峥嵘、兴风作浪?还是被捉弄等。 |
| ● |
| 相关链接 |
|
|
|
正题名:正午的供词
索取号:I247.5/Q7202
 
预约/预借
| 序号 | 登录号 | 条形码 | 馆藏地/架位号 | 状态 | 备注 |
| 1 | 624388 | 206243885 | 文学库108/108文学库 35排4列5层/ [索取号:I247.5/Q7202] | 在馆 | |
| 2 | 624389 | 206243894 | 文学库108/108文学库 35排4列5层/ [索取号:I247.5/Q7202] | 在馆 | |
| 3 | 624390 | 206243901 | 文学库108/108文学库 35排4列5层/ [索取号:I247.5/Q7202] | 在馆 |